1632 1087 1665 1459 1811 1318 1905 1492 1529 1142 1353 1251 1068 1873 1921 1940 1787 1965 1011 1888 1862 1906 1614 1642 1771 1171 1332 1599 1303 1405 1574 1778 1370 1813 1164 1203 1906 1793 1507 1662 1219 1402 1255 1952 1472 1782 1701 1407 1300 1452 1920 1491 1765 1345 1719 1549 1839 1488 1952 1652 1797 1470 1994 1568 1097 1759 1676 1844 1534 1712 1195 1190 1211 1128 1118 1587 1214 1412 1935 1501 1000 1048 1509 1116 1080 1295 1089 1310 1163 1464 1218 1197 1107 1639 1590 1073 1400 1266 1014 BCNSPRNW ULIB Ver.6.0+V

เปลี่ยนเป็นภาษาไทย

Change to English
 แสดงรายละเอียดบรรณานุกรม
  กลับหน้าหลัก

Brief Record : Get Marc (ISO 2709) : E-mail record : QR code < ปิดหน้าต่าง
LEADER : 00000nam 2200000uu 4500
001    13399125103
003     ULIB
008    160624s2015||||th 000 0 eng d
020    9781451193916
060  4 WY 152 ^bH669m 2015
100 0  Hirst, Sandra p.^d1951-
245 00 Miller’s nursing for wellness in older adults / ^cSandra P. Hirst, Annette M. Lane, Carol A. Miller
246 0  Nursing for wellness in older adults
250    Canadian edition.
260    Philadelphia : ^bWolters Kluwer/Lippincott Williams & Wilkins Health, ^cc2015
300    xxvi, 620 p. : ^bill.
505 0  Part 1 Older adults and wellness -- Seeing Older Adults Through the Eyes of Wellness -- Addressing Diversity of Older Adults -- Applying a Nursing Model for Promoting Wellness in Older Adults -- Theoretical Perspectives on Aging Well -- Part 2 Nursing Considerations for Older Adults -- Gerontological Nursing and Health Promotion -- Health Care Settings for Older Adults -- Assessment of Health and Functioning -- Medications and Other Bioactive Substances -- Legal and Ethical Concerns -- Elder Abuse and Neglect -- Part 3 Promoting Wellness in Psychosocial Function -- Cognitive Function -- Psychosocial Function -- Psychosocial Assessment -- Impaired Cognitive Function: Delirium and Dementia -- Impaired Affective Function: Depression -- Part 4 Promoting Wellness in Physical Function ? Hearing -- Vision -- Digestion and Nutrition -- Urinary Function -- Cardiovascular Function -- Respiratory Function -- Mobility and Safety -- Integumentary Function -- Sleep and Rest -- Thermoregulation -- Sexual Function -- Part 5 Promoting Wellness in All Stages of Health and Illness -- Caring for Older Adults During Illness -- Caring for Older Adults Experiencing Pain -- Caring for Older Adults at the End of Life.
650  0 Older people ^xCare
650  0 Geriatric Nursing
700 0  Lane, Annette M., ^d1962-
700 0  Miller, Carol A.
945    ^p0^l0^i001344
999    ^aเกษร โพธิ์สุวรรณ
รายการนี้ยังไม่มีแท็ก
คุณยังไม่ได้ล็อกอิน คุณสามารถมีกิจกรรมร่วมกับเว็บไซต์ได้ แต่ต้องล็อกอินก่อน ::
  ล็อกอิน

รายการสื่อสารสนเทศ

ลำดับที่ ประเภท เลขเรียก/บาร์โค้ด สถานที่ สถานะ
1. วิทยาศาสตร์การแพทย์ และสุขภาพ
วิทยาศาสตร์การแพทย์ และสุขภาพ
WY 152 H669m 2015 ฉ.1 
  Barcode: 001344
ห้องสมุดวิทยาเขตสวรรค์ประชารักษ์
►หนังสือทั่วไป
บนชั้น

รายการใกล้เคียง
    หัวเรื่อง [Geriatric Nursing]

BibComment


ยังไม่เคยถูกคอมเมนท์

คอมเมนท์ทรัพยากรรายการนี้
  คอมเมนท์: Miller’s nursing ..


 Copyright 2026. Bcnsprnw @Library